Jornaleros de la pluma (Record no. 179845)

MARC details
000 -LEADER
campo de control de longitud fija 01172nam a2200301 i 4500
001 - NÚMERO DE CONTROL
campo de control 179845
003 - IDENTIFICADOR DE NÚMERO DE CONTROL
campo de control ES-MaACL
005 - FECHA Y HORA DE LA ÚLTIMA TRANSACCIÓN
campo de control 20250822095628.0
008 - DATOS DE LONGITUD FIJA--INFORMACIÓN GENERAL
campo de control de longitud fija 120201s2011 sp ac |||| |dspa d
020 ## - NÚMERO INTERNACIONAL ESTÁNDAR DEL LIBRO
Número Internacional Estándar del Libro 978-84-8489-567-1 (Iberoamericana)
020 ## - NÚMERO INTERNACIONAL ESTÁNDAR DEL LIBRO
Número Internacional Estándar del Libro 978-3-86527-641-4 (Vervuert)
080 ## - NÚMERO DE LA CLASIFICACIÓN DECIMAL UNIVERSAL
Número de la Clasificación Decimal Universal (050)(460.27 M.)(091)
080 ## - NÚMERO DE LA CLASIFICACIÓN DECIMAL UNIVERSAL
Número de la Clasificación Decimal Universal 821.134.2-7.09"18/19"
100 1# - ENTRADA PRINCIPAL--NOMBRE DE PERSONA
Nombre de persona Versteeg, Margot.
9 (RLIN) 149281
245 10 - MENCIÓN DEL TÍTULO
Título Jornaleros de la pluma
Resto del título : la (re)definición del papel del escritor-periodista en la revista "Madrid Cómico" /
Mención de responsabilidad, etc. Margot Versteeg.
260 ## - PUBLICACIÓN, DISTRIBUCIÓN, ETC.
Lugar de publicación, distribución, etc. Madrid :
Nombre del editor, distribuidor, etc. Iberoamericana ;
Lugar de publicación, distribución, etc. Frankfurt am Main :
Nombre del editor, distribuidor, etc. Vervuert,
Fecha de publicación, distribución, etc. 2011.
300 ## - DESCRIPCIÓN FÍSICA
Extensión 381 p. :
Otras características físicas il. ;
Dimensiones 24 cm.
490 1# - MENCIÓN DE SERIE
Mención de serie La cuestión palpitante ;
Designación de volumen o secuencia 16
500 ## - NOTA GENERAL
Nota general Índices.
504 ## - NOTA DE BIBLIOGRAFÍA, ETC.
Nota de bibliografía, etc. Bibliografía: p. [343]-362.
630 04 - PUNTO DE ACCESO ADICIONAL DE MATERIA--TÍTULO UNIFORME
Título uniforme Madrid cómico.
9 (RLIN) 149282
650 #7 - PUNTO DE ACCESO ADICIONAL DE MATERIA--TÉRMINO DE MATERIA
Término de materia o nombre geográfico como elemento de entrada Humorismo español-
Subdivisión cronológica S.XIX-
Subdivisión general Historia y crítica.
9 (RLIN) 168696
650 04 - PUNTO DE ACCESO ADICIONAL DE MATERIA--TÉRMINO DE MATERIA
Término de materia o nombre geográfico como elemento de entrada Humorismo español-
Subdivisión cronológica S.XX-
Subdivisión general Historia y crítica
9 (RLIN) 13513
830 0# - PUNTO DE ACCESO ADICIONAL DE SERIE-TÍTULO UNIFORME
Título uniforme La cuestión palpitante ;
Designación de volumen o secuencia 16
9 (RLIN) 191128
852 ## - LOCALIZACIÓN
Ubicación ES-MaACL
Número de control de estantería A-11949
itemnumber 186746
Sublocalización o colección R.146747
Ubicación en estantería Depósito 1
Signatura antigua Olim: N-4954
942 ## - ELEMENTOS DE ENTRADA SECUNDARIOS (KOHA)
Fuente del sistema de clasificación o colocación Clasificación decimal universal
Tipo de ítem Koha Libro impreso
Holdings
Estatus retirado Estado de pérdida Fuente del sistema de clasificación o colocación Estado de daño No para préstamo Biblioteca de origen Biblioteca actual Ubicación en estantería Fecha de adquisición Fuente de adquisición Total de préstamos Signatura topográfica completa Código de barras Visto por última vez Precio de reemplazo Tipo de ítem Koha
    Clasificación decimal universal     Biblioteca del Ateneo de Madrid Biblioteca del Ateneo de Madrid Depósito 1 01/02/2012 Compra   A-11949 1188935 23/02/2023 23/02/2023 Libro impreso